<?xml version="1.0" encoding="UTF-8"?>
<collection xmlns="http://www.loc.gov/MARC21/slim">
 <record>
  <leader>01520cgm a2200409 a 4500</leader>
  <controlfield tag="001">0025833 </controlfield>
  <controlfield tag="003">BD-DhAAL</controlfield>
  <controlfield tag="005">20251007143936.0</controlfield>
  <controlfield tag="007">vd cvaizk</controlfield>
  <controlfield tag="008">120829p2004    ko nnn            vlkor d </controlfield>
  <datafield tag="024" ind1="1" ind2=" ">
   <subfield code="a">8809246770850</subfield>
  </datafield>
  <datafield tag="040" ind1=" " ind2=" ">
   <subfield code="a">BD-DhAAL</subfield>
   <subfield code="c">BD-DhAAL</subfield>
  </datafield>
  <datafield tag="041" ind1=" " ind2=" ">
   <subfield code="a">kor</subfield>
   <subfield code="b">eng</subfield>
  </datafield>
  <datafield tag="082" ind1="0" ind2="0">
   <subfield code="a">791.43</subfield>
   <subfield code="2">22</subfield>
  </datafield>
  <datafield tag="245" ind1="1" ind2="0">
   <subfield code="6">880-01</subfield>
   <subfield code="a">P'ul hausŭ</subfield>
   <subfield code="h">[videorecording] =</subfield>
   <subfield code="b">Full house.</subfield>
   <subfield code="n">Part C /</subfield>
   <subfield code="c">cyŏnchʻul, Pʻyo Min-su.</subfield>
  </datafield>
  <datafield tag="246" ind1="2" ind2=" ">
   <subfield code="a">Full house</subfield>
  </datafield>
  <datafield tag="260" ind1=" " ind2=" ">
   <subfield code="a">[Sŏul] :</subfield>
   <subfield code="b">KBS Midiŏ,</subfield>
   <subfield code="c">2004.</subfield>
  </datafield>
  <datafield tag="300" ind1=" " ind2=" ">
   <subfield code="a">3 videodiscs (DVD) :</subfield>
   <subfield code="b">sd., col. ;</subfield>
   <subfield code="c">4 3/4 in.</subfield>
  </datafield>
  <datafield tag="490" ind1="1" ind2=" ">
   <subfield code="a">KBS mini sirijŭ</subfield>
  </datafield>
  <datafield tag="500" ind1=" " ind2=" ">
   <subfield code="a">Originally produced as a television drama.Aspect ratio 1.33:1; dual layer.</subfield>
  </datafield>
  <datafield tag="538" ind1=" " ind2=" ">
   <subfield code="a">DVD video :NTSC color broadcast system :Korean</subfield>
  </datafield>
  <datafield tag="541" ind1="1" ind2=" ">
   <subfield code="e">00025833</subfield>
  </datafield>
  <datafield tag="546" ind1=" " ind2=" ">
   <subfield code="a">In Korean with English subtitle.</subfield>
  </datafield>
  <datafield tag="650" ind1=" " ind2="0">
   <subfield code="a">Motion picture</subfield>
   <subfield code="x">DVD special features.</subfield>
   <subfield code="9">4951</subfield>
  </datafield>
  <datafield tag="650" ind1=" " ind2="0">
   <subfield code="a">Television plays, Korean.</subfield>
   <subfield code="9">4952</subfield>
  </datafield>
  <datafield tag="650" ind1=" " ind2="0">
   <subfield code="a">Romance fiction, Korean.</subfield>
   <subfield code="9">59514</subfield>
  </datafield>
  <datafield tag="650" ind1=" " ind2="0">
   <subfield code="a">Feature films</subfield>
   <subfield code="z">Korea (South).</subfield>
   <subfield code="9">4850</subfield>
  </datafield>
  <datafield tag="700" ind1="1" ind2=" ">
   <subfield code="a">P'yo, Min-su.</subfield>
   <subfield code="9">4953</subfield>
  </datafield>
  <datafield tag="700" ind1="1" ind2=" ">
   <subfield code="a">Song, Hye-gyo.</subfield>
   <subfield code="9">4954</subfield>
  </datafield>
  <datafield tag="700" ind1="1" ind2=" ">
   <subfield code="a">Chŏng, Chi-hun.</subfield>
   <subfield code="9">4955</subfield>
  </datafield>
  <datafield tag="700" ind1="1" ind2=" ">
   <subfield code="a">Han, Ŭn-jŏng.</subfield>
   <subfield code="9">4956</subfield>
  </datafield>
  <datafield tag="830" ind1=" " ind2=" ">
   <subfield code="a">KBS mini sirijŭ.</subfield>
   <subfield code="9">59493</subfield>
  </datafield>
  <datafield tag="852" ind1="4" ind2=" ">
   <subfield code="a">Ayesha Abed Library</subfield>
  </datafield>
  <datafield tag="880" ind1=" " ind2=" ">
   <subfield code="6">245-01 /</subfield>
   <subfield code="a">풀하우스</subfield>
   <subfield code="h">[videorecording] =</subfield>
   <subfield code="b">Full house.</subfield>
   <subfield code="n">Part C.</subfield>
  </datafield>
  <datafield tag="942" ind1=" " ind2=" ">
   <subfield code="2">ddc</subfield>
   <subfield code="c">AV</subfield>
  </datafield>
  <datafield tag="999" ind1=" " ind2=" ">
   <subfield code="c">12792</subfield>
   <subfield code="d">12792</subfield>
  </datafield>
  <datafield tag="952" ind1=" " ind2=" ">
   <subfield code="0">0</subfield>
   <subfield code="1">0</subfield>
   <subfield code="2">ddc</subfield>
   <subfield code="4">0</subfield>
   <subfield code="6">791_430000000000000_PUL</subfield>
   <subfield code="7">0</subfield>
   <subfield code="9">21060</subfield>
   <subfield code="a">BRACUL</subfield>
   <subfield code="b">BRACUL</subfield>
   <subfield code="c">AV</subfield>
   <subfield code="d">2012-08-28</subfield>
   <subfield code="e">BIL</subfield>
   <subfield code="l">0</subfield>
   <subfield code="o">791.43 PUL</subfield>
   <subfield code="p">4010025833</subfield>
   <subfield code="r">2012-09-04</subfield>
   <subfield code="t">1</subfield>
   <subfield code="w">2012-08-28</subfield>
   <subfield code="y">AV</subfield>
  </datafield>
 </record>
</collection>
